Are the democrats different? /
Este informe analiza los rasgos, las condiciones y la estructuración del Partido Demócrata, en vísperas de las elecciones presidenciales en los Estados Unidos en 1984. Algunos de los temas que se examinan en este reportaje son: a-. la crisis estadounidense desde la desaparición del presidente J. F....
Guardado en:
| Autor principal: | |
|---|---|
| Formato: | Texto |
| Materias: | |
| Etiquetas: |
Agregar Etiqueta
Sin Etiquetas, Sea el primero en etiquetar este registro!
|
MARC
| LEADER | 00000 a a2200000 04500 | ||
|---|---|---|---|
| 001 | 9863 | ||
| 003 | |||
| 040 | |||
| 100 | |a Armstrong, Robert | ||
| 245 | |a Are the democrats different? / |c Robert Armstrong | ||
| 520 | |a Este informe analiza los rasgos, las condiciones y la estructuración del Partido Demócrata, en vísperas de las elecciones presidenciales en los Estados Unidos en 1984. Algunos de los temas que se examinan en este reportaje son: a-. la crisis estadounidense desde la desaparición del presidente J. F. Kennedy |a b-. los intentos de la administración Reagan por devolver al país la estabilidad económica y la hegemonía mundial |a c-. análisis del Partido Republicano en us cuatro años de gobierno |a d-. estudio de la ideología lberal y perspectivas del proyecto político demócrata |a e-. tendencias internas y divisiones de los demócratas y Centroamérica en la política externa propuesta por Mondale. ABB/mb | ||
| 650 | |a ASPECTOS POLITICOS | ||
| 650 | |a DOCTRINAS POLITICAS | ||
| 650 | |a ELECCIONES | ||
| 650 | |a GRUPOS DE INTERESES | ||
| 650 | |a PARTIDOS POLITICOS | ||
| 650 | |a POLITICA | ||
| 650 | |a ESTADO | ||
| 650 | |a PRESIDENCIA | ||
| 650 | |a JEFES DE ESTADO | ||
| 650 | |a PODER EJECUTIVO | ||
| 773 | |g volumen 18, número 5; páginas 19-53 | ||
| 999 | |c 28251 |d 28251 | ||
